Score 0/15 Timer 03:00
0 Plays Today
Question Answer Wrong Answers
LANGUAGE - Which of these does NOT rhyme with 'pail'? Foil
90.7%
Snail
0.6%
Whale
1%
Kale
2.8%
GAMING - Which of these is NOT a chess piece? Amazon
81.1%
Bishop
11%
Knight
0.9%
Queen
0.6%
MOVIES - Which of these actors did NOT play James Bond? Ford
80.4%
Connery
1.9%
Moore
3.9%
Dalton
10.4%
SPORTS - Which of these teams is NOT in Chicago? Red Wings
79.9%
Cubs
5.1%
Bulls
3.3%
Bears
11.1%
JUST FOR FUN - Which of these logos is NOT its normal color(s)? IBM
76%
Google
2.1%
NBC
2.6%
Slack
13.6%
HOLIDAY - Which of these holidays does NOT happen in winter (in the Northern Hemisphere)? Labor Day
69.1%
New Year’s
9.4%
Christmas
1%
MLK Day
20.2%
TELEVISION - Which of these characters from The Simpsons
was NOT a teacher?
Maude
63.3%
Krabappel
18.8%
Hoover
6.2%
Largo
9.4%
MISCELLANEOUS - Which of these is NOT a letter in the
NATO Phonetic Alphabet?
Windsurfing
62.4%
Tango
9.3%
X-Ray
14.9%
Zulu
9.4%
HISTORY - Who was NOT a Soviet leader? Tito
57.6%
Lenin
12.1%
Stalin
6.9%
Brezhnev
20.7%
LITERATURE - Which author is NOT a Nobel Laureate? Kafka
41.5%
Morrison
10.9%
Lessing
15.6%
Beckett
27.3%
SCIENCE - Which of these people does NOT have an element
named after them?
Schrödinger
34.7%
Meitner
36.6%
Curie
12.6%
Einstein
15.5%
GEOGRAPHY - Which one of these countries is NOT in Africa? St Kitts
32.4%
Cameroon
28.8%
South Sudan
22.3%
South Africa
13.4%
MUSIC - Which of these composers is NOT Austrian? Brahms
28.7%
Schubert
23.4%
Bruckner
32.4%
Mozart
13.4%
ENTERTAINMENT - Which of these is NOT a character in Hamilton? Benjamin Franklin
28.1%
Aaron Burr
20.2%
King George III
27.7%
George Washington
16.2%
RELIGION - Which animal is not one of the symbols of
the four Evangelists?
Sheep
27%
Lion
13.5%
Ox
27.3%
Eagle
30.8%
Remove Ads.
Support Sporcle.
Get the best of Sporcle when you Go Orange. This ad-free experience offers more features, more stats, and more fun while also helping to support Sporcle. Thank you for becoming a member.

You're not logged in!

Compare scores with friends on all Sporcle quizzes.
OR
Log In

Show Comments

Extras

Top Quizzes Today


Score Distribution

Your Account Isn't Verified!

In order to create a playlist on Sporcle, you need to verify the email address you used during registration. Go to your Sporcle Settings to finish the process.

Report this User

Report this user for behavior that violates our Community Guidelines.

Details: